Thời xa vắng tiểu thuyết
Gardado en:
| Autor Principal: | |
|---|---|
| Formato: | Libro |
| Publicado: |
Hà Nội
Tác phẩm mới. Hội nhà văn
1987
|
| Edición: | In lần thứ 11 |
| Những chủ đề: | |
| Các nhãn: |
Engadir etiqueta
Sen Etiquetas, Sexa o primeiro en etiquetar este rexistro!
|
| Thư viện lưu trữ: | Trung tâm Học liệu Lê Vũ Hùng, Trường Đại học Đồng Tháp |
|---|
| LEADER | 00841pam a22002658a 4500 | ||
|---|---|---|---|
| 001 | 00032231 | ||
| 005 | 20171026081025.0 | ||
| 008 | 140529s1987 ||||||Viesd | ||
| 041 | 0 | # | |a Vie |
| 082 | 1 | 4 | |a 895.922 334 |b TH462X |
| 100 | 1 | # | |a Lê, Lựu |
| 245 | 0 | 0 | |a Thời xa vắng |c Lê Lựu |b tiểu thuyết |
| 250 | # | # | |a In lần thứ 11 |b Có sửa chữa |
| 260 | # | # | |a Hà Nội |b Tác phẩm mới. Hội nhà văn |c 1987 |
| 300 | # | # | |a 345 tr. |c 19 cm. |
| 653 | # | # | |a Con người |
| 653 | # | # | |a Xã hội |
| 653 | # | # | |a Văn học hiện đại |
| 653 | # | # | |a Việt Nam |
| 653 | # | # | |a Tiểu thuyết |
| 852 | # | # | |j KD.0015904 |
| 852 | # | # | |b Kho đọc |j KD.0015904 |
| 910 | |d 29/5/2014 | ||
| 980 | # | # | |a Trung tâm Học liệu Lê Vũ Hùng, Trường Đại học Đồng Tháp |